| 000 | 00553nam a2200193 u 4500 | ||
|---|---|---|---|
| 001 | 000284246 | ||
| 003 | AM-YeHGA | ||
| 005 | 20250617125752.0 | ||
| 008 | 031117s1976 ai |||||||||||||rus d | ||
| 040 | _aAM-YeHGA | ||
| 041 | 0 | _arus | |
| 100 | 1 | _aАбрамов, Виктор Васильевич | |
| 245 | 1 | 0 |
_aГана / _cВ.В. Абрамов. |
| 260 |
_aМосква : _bМысль, _c1976. |
||
| 300 | _a64 с. | ||
| 440 | 0 | _aУ карты мира | |
| 650 | 1 | 4 | _aЭкономика народного хозяйства |
| 090 | _c105470 | ||
| 999 |
_c104149 _d104149 |
||